Catálogo

FUNDAMENTALS OF HYDRAULIC ENGINEERING SYSTEMS (Registro nro. 54931)

Detalles MARC
000 -LEADER
fixed length control field 00722nam a2200205 a 4500
001 - CONTROL NUMBER
control field 54931
005 - DATE AND TIME OF LATEST TRANSACTION
control field 20180714050025.0
008 - FIXED-LENGTH DATA ELEMENTS--GENERAL INFORMATION
fixed length control field 140415s2010 000 0 eng d
020 ## - INTERNATIONAL STANDARD BOOK NUMBER
International Standard Book Number 978136016380
041 ## - LANGUAGE CODE
Language code of text/sound track or separate title eng
082 ## - DEWEY DECIMAL CLASSIFICATION NUMBER
Classification number 627
Item number HOW
100 1# - MAIN ENTRY--PERSONAL NAME
Personal name HOUGHTALEN, ROBERT J.
245 10 - TITLE STATEMENT
Title FUNDAMENTALS OF HYDRAULIC ENGINEERING SYSTEMS
250 ## - EDITION STATEMENT
Edition statement 4ed.
260 ## - PUBLICATION, DISTRIBUTION, ETC.
Place of publication, distribution, etc. [s.l.] :
Name of publisher, distributor, etc. INDETERMINADO,
Date of publication, distribution, etc. 2010
300 ## - PHYSICAL DESCRIPTION
Extent 472
Dimensions 18.4 x 2 x 24
520 ## - SUMMARY, ETC.
Summary, etc. THIS BOOK PROVIDES A FUNDAMENT OF ENGINEERING HUDRAYLICS. IT IS PRIMARILY INTENDED TO SERVE AS A TEXTBOOK FOR UNDERGRADUATE ENGINEERING STUDENTS.
650 14 - SUBJECT ADDED ENTRY--TOPICAL TERM
Topical term or geographic name entry element HIDRAULICA
General subdivision INGENIERIA HIDRAULICA
700 1# - ADDED ENTRY--PERSONAL NAME
Personal name AKAN, A. OSMAN -HWANG, NED H. C.
Relator term coaut.
Existencias
Withdrawn status Lost status Source of classification or shelving scheme Damaged status Not for loan Collection code Home library Current library Shelving location Date acquired Source of acquisition Inventory number Total Checkouts Full call number Barcode Date last seen Date last checked out Price effective from Koha item type
    Dewey Decimal Classification     General Biblioteca Karol Wojtyla Biblioteca Karol Wojtyla Sala general 03/12/2013 Compra 151000000000000000012063   627 HOW 82442 05/01/2026 02/11/2015 03/12/2013 Libro
    Dewey Decimal Classification     General Biblioteca Karol Wojtyla Biblioteca Karol Wojtyla Sala general 03/12/2013 Compra 151000000000000000012064 2 627 HOW 82443 26/02/2026 13/02/2026 03/12/2013 Libro
    Dewey Decimal Classification     General Biblioteca Karol Wojtyla Biblioteca Karol Wojtyla Sala general 03/12/2013 Compra 151000000000000000012062 1 627 HOW 82441 05/01/2026 29/08/2018 03/12/2013 Libro